000 00404nam a2200145Ia 4500
008 090124s9999 xx 000 0 und d
082 _b300504
245 _a जन्मदा खंड 1 ला
250 _a1
260 _bपारखे म.स.
_c1976
300 _a269
630 _a जन्मदा खंड 1 ला
730 _a जन्मदा खंड 1 ला
942 _cBOOK
999 _c190058
_d190058